000 00264nam a2200109Ia 4500
008 220204s9999 xx 000 0 und d
082 _a809.481.1
_bJEG
100 _aJegatheesh, N
245 0 _aLearn Tamil in 30 days
260 _aMadras
_bBalaji
_c1977
942 _cBK
999 _c30056
_d30056